10 Biggest Cities By Province In Canada - Statistics

General Stats
  • This quiz has been taken 1,628 times
    845 since last reset
  • The average score is 40 of 100
Answer Stats
Group Rank Population Answer % Correct
Alberta 2 1,010,899 Edmonton
95%
Alberta 1 1,306,784 Calgary
94%
Ontario 1 2,794,356 Toronto
94%
British Columbia 1 662,248 Vancouver
93%
Ontario 2 1,017,449 Ottawa
91%
Nova Scotia 1 348,634 Halifax
89%
Quebec 1 1,762,949 Montreal
89%
Quebec 2 549,459 Quebec City
87%
Manitoba 1 749,607 Winnipeg
85%
New Brunswick 2 69,895 Saint John
84%
Newfoundland and Labrador 1 110,525 St. John's
84%
Saskatchewan 2 226,404 Regina
83%
Saskatchewan 1 266,141 Saskatoon
82%
Ontario 5 569,353 Hamilton
80%
Ontario 6 422,324 London
79%
Ontario 3 717,961 Mississauga
79%
Prince Edward Island 1 38,809 Charlottetown
72%
Alberta 3 100,844 Red Deer
72%
British Columbia 2 568,322 Surrey
72%
Ontario 10 229,660 Windsor
72%
Ontario 4 656,480 Brampton
70%
New Brunswick 3 63,116 Fredericton
70%
New Brunswick 1 79,470 Moncton
66%
Ontario 9 256,885 Kitchener
65%
Quebec 3 438,366 Laval
65%
British Columbia 7 144,576 Kelowna
63%
Alberta 10 63,271 Medicine Hat
59%
British Columbia 3 249,125 Burnaby
58%
Quebec 4 291,041 Gatineau
58%
British Columbia 4 209,937 Richmond
57%
Quebec 9 139,163 Trois-Rivières
56%
Quebec 6 172,950 Sherbrooke
55%
British Columbia 5 153,524 Abbotsford
54%
Manitoba 2 51,313 Brandon
54%
Ontario 8 323,103 Vaughan
54%
Alberta 4 98,406 Lethbridge
53%
Ontario 7 338,503 Markham
53%
Nova Scotia 2 30,960 Sydney
51%
Alberta 8 68,002 Fort McMurray
49%
Saskatchewan 4 33,665 Moose Jaw
47%
Quebec 8 144,723 Saguenay
44%
British Columbia 6 148,625 Coquitlam
41%
Quebec 5 254,483 Longueuil
41%
Alberta 9 64,141 Grande Prairie
39%
Quebec 7 149,683 Lévis
37%
Saskatchewan 3 37,756 Prince Albert
36%
British Columbia 10 108,455 Delta
35%
Prince Edward Island 2 16,001 Summerside
35%
Alberta 5 74,100 Airdrie
34%
British Columbia 8 132,603 Langley
34%
Nova Scotia 3 23,583 Truro
33%
Saskatchewan 9 11,843 Lloydminster
31%
Alberta 7 68,232 St. Albert
28%
New Brunswick 10 12,157 Bathurst
27%
Nova Scotia 10 7,848 Yarmouth
27%
Newfoundland and Labrador 5 19,333 Corner Brook
26%
Newfoundland and Labrador 7 11,880 Gander
26%
Manitoba 5 13,270 Portage la Prairie
26%
Saskatchewan 5 16,750 Swift Current
26%
Newfoundland and Labrador 9 8,040 Happy Valley-Goose Bay
24%
British Columbia 9 117,735 Saanich
24%
Manitoba 6 13,035 Thompson
24%
New Brunswick 8 16,437 Edmundston
22%
Nova Scotia 4 19,316 New Glasgow
21%
Manitoba 3 17,806 Steinbach
21%
Quebec 10 119,944 Terrebonne
21%
Manitoba 9 8,368 Dauphin
20%
New Brunswick 7 17,692 Miramichi
19%
Manitoba 4 13,745 Winkler
19%
Nova Scotia 8 9,548 Amherst
18%
Newfoundland and Labrador 2 27,168 Conception Bay South
18%
New Brunswick 4 28,114 Dieppe
18%
Saskatchewan 7 13,836 North Battleford
18%
Alberta 6 72,017 Sherwood Park
18%
Saskatchewan 6 16,280 Yorkton
18%
Newfoundland and Labrador 6 13,853 Grand Falls-Windsor
17%
Manitoba 7 10,504 Selkirk
17%
Newfoundland and Labrador 4 22,477 Mount Pearl
15%
Nova Scotia 6 14,905 Kentville
12%
Manitoba 8 9,929 Morden
12%
Prince Edward Island 8 1,079 Souris
12%
Prince Edward Island 3 10,927 Stratford
12%
Saskatchewan 10 11,019 Weyburn
12%
Prince Edward Island 5 6,574 Cornwall
11%
Newfoundland and Labrador 3 22,957 Paradise
11%
Prince Edward Island 6 1,812 Kensington
10%
New Brunswick 6 18,768 Quispamsis
10%
Nova Scotia 9 8,790 Bridgewater
9%
New Brunswick 5 20,584 Riverview
9%
Nova Scotia 5 16,915 Glace Bay
8%
Saskatchewan 8 12,419 Warman
8%
Prince Edward Island 7 1,301 Alberton
7%
Prince Edward Island 10 788 Borden-Carleton
7%
Newfoundland and Labrador 8 8,415 Portugal Cove-St. Philip's
7%
Prince Edward Island 4 7,883 Three Rivers
7%
Nova Scotia 7 12,353 Sydney Mines
6%
Newfoundland and Labrador 10 7,852 Torbay
5%
Manitoba 10 5,947 Niverville
4%
Prince Edward Island 9 876 O'Leary
4%
New Brunswick 9 16,043 Tracadie
4%
No matching quizzes found
Score Distribution
Percent of People with Each Score
Percentile by Number Answered
Your Score History
You have not taken this quiz since the last reset